000 00661nam a2200229 a 4500
001 BRCA_5767
005 20190320205216.0
008 080311s1997----mx-a######---#000-0#spa-#
020 _a9682433568
041 _aspa
044 _amx
050 4 _aNA215
_b.B35 1997
100 1 _aBallina Garza, Jorge
_914632
245 1 0 _aAnálisis histórico de la arquitectura
_bantiguo egipto
_cJorge Ballina Garza.
250 _a2
260 _aMéxico
_bTrillas
_c2da. reimp. 1997
300 _a213 p.
_bil.
_c27 cm.
500 _aIncluye índice analítico
504 _aBibliografía: p. 209-210
650 1 4 _aArquitectura egipcia
_xHistoria
_914633
942 _2lcc
_cB
999 _c5456
_d5456